Countries Containing F (with a map) - Statistics

General Stats
  • This quiz has been taken 170 times
  • The average score is 194 of 197
Answers on the Map
Answers color-coded by a green-red scale on the quiz's map according to % correct below.
 
Answer Stats
country % Correct
x
100%
France
93%
Afghanistan
89%
Finland
86%
Burkina Faso
79%
Central African Republic
76%
South Africa
75%
Fiji
71%
Federated States of Micronesia
47%
Faroe Islands
10%
No matching quizzes found
Score Distribution
Percent of People with Each Score
Percentile by Number Answered
Your Score History
You have not taken this quiz